000 01157cam9a220030100 4500
001 lce00162384
005 20190830122247.0
008 700623s1967 nz b 000 0 eng
010 _a 76352660 //r902
015 _aNZ68-10
020 _c0.75
035 _a(Sirsi) r115858
035 _a(DLC) 76352660 //r902
035 _a(UPRA)lce00162384
040 _aDLC
_cDLC
_dDLC
050 0 0 _aLC3501.M3
_bW3
082 0 0 _a370/.9174/994
100 1 _aWatson, John Elliott.
_6A80834.1
245 1 0 _aHorizons of unknown power;
_bsome issues of Maori schooling,
_cby John E. Watson.
260 _aWellington,
_bNew Zealand Council for Educational Research,
_c1967.
490 1 _aNew Zealand Council for Educational Research. Studies in education,
_vno. 19
504 _aBibliographical footnotes.
650 0 _aMaori (New Zealand people) -- Education.
_xMaori (New Zealand people) -- Education.
_6S58236.1
830 0 _aStudies in education (New Zealand Council for Educational Research) ;
_vno. 19.
_6S12286.1
949 _aLC3501.M3
_wlcc
_i-166739
_mMAIN
_tBOOK
_lON-SHELF
949 _aLC3501.M3
_wlcc
_i-166740
_mMAIN
_tBOOK
_lON-SHELF
004 115858
999 _c198023
_d198023